Statistics for Every Pokemon in Scarlet and Violet (Paldea)

Click here to take the quiz!

General Stats

  • This quiz has been taken 16 times
    (9 since last reset)
  • The average score is 385 of 400

Answer Stats

HintTypeAnswer% Correct
353Grass-IceAbomasnow
100%
220Flying-DragonAltaria
100%
206Grass-PoisonAmoonguss
100%
103ElectricAmpharos
100%
160Fighting-GhostAnnihilape
100%
110Dragon-GrassAppletun
100%
108Dragon-GrassApplin
100%
86Normal-GrassArboliva
100%
214FireArcanine
100%
389Dragon-IceArctibax
100%
166Fire-PsychicArmarouge
100%
155DragonAxew
100%
48Water-FairyAzumarill
100%
46Normal-FairyAzurill
100%
276DragonBagon
100%
299GhostBanette
100%
168Water-GroundBarboach
100%
138WaterBasculin
100%
390Dragon-IceBaxcalibur
100%
171ElectricBellibolt
100%
368Steel-DarkBisharp
100%
45NormalBlissey
100%
290Flying-DarkBombirdier
100%
87RockBonsly
100%
366Flying-NormalBraviary
100%
107Grass-FightingBreloom
100%
154Steel-PsychicBronzong
100%
153Steel-PsychicBronzor
100%
378Dark-GrassBrute Bonnet
100%
252GrassCacnea
100%
253Grass-DarkCacturne
100%
152Fire-GroundCamerupt
100%
250GrassCapsakid
100%
92Rock-FireCarkol
100%
167Fire-GhostCeruledge
100%
362IceCetitan
100%
361IceCetoddle
100%
44NormalChansey
100%
165FireCharcadet
100%
394Dark-IceChien-Pao
100%
396Dark-FireChi-Yu
100%
339WaterClauncher
100%
340WaterClawitzer
100%
54Ground-PoisonClodsire
100%
330Water-IceCloyster
100%
93Rock-FireCoalossal
100%
38Bug-FlyingCombee
100%
42Flying-SteelCorviknight
100%
41FlyingCorvisquire
100%
119Fighting-IceCrabominable
100%
118FightingCrabrawler
100%
175Poison-FightingCroagunk
100%
5FireCrocalor
100%
295Normal-DragonCyclizar
100%
77FairyDachsbun
100%
200Electric-FairyDedenne
100%
370Dark-DragonDeino
100%
534Flying-IceDelibird
100%
148GroundDiglett
100%
212NormalDitto
100%
85Normal-GrassDolliv
100%
374WaterDondozo
100%
123GroundDonphan
100%
338Poison-DragonDragalge
100%
307Dragon-GhostDragapult
100%
348DragonDragonair
100%
349Dragon-FlyingDragonite
100%
306Dragon-GhostDrakloak
100%
347DragonDratini
100%
305Dragon-GhostDreepy
100%
144Ghost-FlyingDrifblim
100%
143Ghost-FlyingDrifloon
100%
189NormalDudunsparce
100%
149GroundDugtrio
100%
188NormalDunsparce
100%
342ElectricEelektrik
100%
343ElectricEelektross
100%
179NormalEevee
100%
208ElectricElectrode
100%
183PsychicEspeon
100%
193Normal-PsychicFarigiraf
100%
76FairyFidough
100%
291WaterFinizen
100%
102ElectricFlaaffy
100%
346Flying-FightingFlamigo
100%
109Dragon-GrassFlapple
100%
182FireFlareon
100%
20Fire-FlyingFletchinder
100%
19Normal-FlyingFletchling
100%
2GrassFloragato
100%
379Fairy-GhostFlutter Mane
100%
205Grass-PoisonFoongus
100%
259Bug-SteelForretress
100%
156DragonFraxure
100%
388Dragon-IceFrigibax
100%
359Ice-GhostFroslass
100%
351Bug-IceFrosmoth
100%
4FireFuecoco
100%
127Dragon-GroundGabite
100%
65Fighting-PsychicGallade
100%
128Dragon-GroundGarchomp
100%
64Fairy-PsychicGardevoir
100%
131RockGarganacl
100%
68Ghost-PoisonGastly
100%
328Water-GroundGastrodon
100%
70Ghost-PoisonGengar
100%
392Ghost-SteelGholdengo
100%
126Dragon-GroundGible
100%
391GhostGimmighoul
100%
192Normal-PsychicGirafarig
100%
186IceGlaceon
100%
358IceGlalie
100%
308Rock-PoisonGlimmet
100%
309Rock-PoisonGlimora
100%
56WaterGolduck
100%
174DragonGoodra
100%
172DragonGoomy
100%
234PsychicGothita
100%
236PsychicGothitelle
100%
203Poison-NormalGrafaiai
100%
376Fighting-GroundGreat Tusk
100%
311GhostGreavard
100%
30NormalGreedent
100%
194PoisonGrimer
100%
287Fairy-DarkGrimmsnarl
100%
213FireGrowlithe
100%
112PsychicGrumpig
100%
139PoisonGulpin
100%
135Water-FlyingGyarados
100%
43NormalHappiny
100%
117FightingHariyama
100%
282PsychicHatenna
100%
283PsychicHattrem
100%
69Ghost-PoisonHaunter
100%
301Flying-FightingHawlucha
100%
157DragonHaxorus
100%
262Bug-FightingHeracross
100%
265GroundHippopotas
100%
266GroundHippowdon
100%
233Dark-FlyingHonchkrow
100%
16Grass-FlyingHoppip
100%
26Fire-DarkHoundoom
100%
25Fire-DarkHoundour
100%
312GhostHoundstone
100%
372Dark-DragonHydreigon
100%
59Normal-FairyIgglybuff
100%
285Fairy-DarkImpidimp
100%
241Psychic-NormalIndeedee
100%
383Water-IceIron Bundle
100%
384Electric-FightingIron Hands
100%
385Dark-FlyingIron Jugulis
100%
386Poison-FireIron Moth
100%
387Rock-ElectricIron Thorns
100%
382Steel-GroundIron Treads
100%
398Fighting-FairyIron Valiant
100%
60Normal-FairyJigglypuff
100%
181ElectricJolteon
100%
18Grass-FlyingJumpluff
100%
178Flying-ElectricKilowattrel
100%
369Steel-DarkKingambit
100%
63Fairy-PsychicKirlia
100%
249RockKlawf
100%
399Fighting-DragonKoraidon
100%
268Dark-GroundKrokorok
100%
269Dark-GroundKrookodile
100%
274Bug-FireLarvesta
100%
316Rock-GroundLarvitar
100%
185GrassLeafeon
100%
10NormalLechonk
100%
105GrassLilligant
100%
224Fire-NormalLitleo
100%
15Bug-DarkLokix
100%
164Fighting-SteelLucario
100%
95ElectricLuxio
100%
96ElectricLuxray
100%
197DarkMabosstiff
100%
134WaterMagikarp
100%
209Steel-ElectricMagnemite
100%
210Steel-ElectricMagneton
100%
211Steel-ElectricMagnezone
100%
116FightingMakuhita
100%
158FightingMankey
100%
101ElectricMareep
100%
47Water-FairyMarill
100%
196DarkMaschiff
100%
50Bug-FlyingMasquerain
100%
162Psychic-FightingMedicham
100%
161Psychic-FightingMeditite
100%
3Grass-DarkMeowscarada
100%
141NormalMeowth
100%
239Fairy-GhostMimikyu
100%
400Electric-DragonMiraidon
100%
114GhostMisdreavus
100%
115GhostMismagius
100%
286Fairy-DarkMorgrem
100%
195PoisonMuk
100%
232Dark-FlyingMurkrow
100%
129RockNacli
100%
130RockNaclstack
100%
303Dragon-FlyingNoibat
100%
304Dragon-FlyingNoivern
100%
151Fire-GroundNumel
100%
14BugNymble
100%
11NormalOinkologne
100%
100Flying-VariesOricorio
100%
296SteelOrthworm
100%
292WaterPalafin
100%
323Ground-GhostPalossand
100%
22ElectricPawmi
100%
23Electric-FightingPawmo
100%
24Electric-FightingPawmot
100%
367Steel-DarkPawniard
100%
142NormalPersian
100%
104GrassPetilil
100%
122GroundPhanpy
100%
73ElectricPichu
100%
74ElectricPikachu
100%
258BugPineco
100%
238GhostPolteageist
100%
159FightingPrimeape
100%
55WaterPsyduck
100%
317Rock-GroundPupitar
100%
225Fire-NormalPyroar
100%
9Water-FightingQuaquavel
100%
7WaterQuaxly
100%
8WaterQuaxwell
100%
331Water-PoisonQwilfish
100%
255Psychic-BugRabsca
100%
75ElectricRaichu
100%
62Fairy-PsychicRalts
100%
254BugRellor
100%
294Poison-SteelRevavroom
100%
163FightingRiolu
100%
397Dark-DragonRoaring Moon
100%
91RockRolycoly
100%
40FlyingRookidee
100%
310Electric-GhostRotom
100%
365Flying-NormalRufflet
100%
297Ghost-DarkSableye
100%
278Dragon-FlyingSalamence
100%
120Fire-PoisonSalandit
100%
121Fire-PoisonSalazzle
100%
271GroundSandaconda
100%
267Dark-GroundSandile
100%
322Ground-GhostSandygast
100%
381Ground-ElectricSandy Shocks
100%
261Bug-SteelScizor
100%
251Grass-FireScovillain
100%
377Psychic-FairyScream Tail
100%
260Bug-FlyingScyther
100%
218PoisonSeviper
100%
277DragonShelgon
100%
329WaterShellder
100%
327WaterShellos
100%
94ElectricShinx
100%
202Poison-NormalShroodle
100%
106GrassShroomish
100%
298GhostShuppet
100%
270GroundSilicobra
100%
237GhostSinistea
100%
6Fire-GhostSkeledirge
100%
17Grass-FlyingSkiploom
100%
337Water-PoisonSkrelp
100%
227Poison-DarkSkuntank
100%
29NormalSkwovet
100%
80NormalSlaking
100%
78NormalSlakoth
100%
173DragonSliggoo
100%
380Bug-FightingSlither Wing
100%
325Water-PsychicSlowbro
100%
326Water-PsychicSlowking
100%
324Water-PsychicSlowpoke
100%
84Normal-GrassSmoliv
100%
230Dark-IceSneasel
100%
350Bug-IceSnom
100%
357IceSnorunt
100%
352Grass-IceSnover
100%
13BugSpidops
100%
302Ghost-DarkSpiritomb
100%
111PsychicSpoink
100%
1GrassSprigatito
100%
113Flying-NormalSquawkabilly
100%
99Normal-FlyingStaraptor
100%
98Normal-FlyingStaravia
100%
97Normal-FlyingStarly
100%
226Poison-DarkStunky
100%
88RockSudowoodo
100%
49Bug-WaterSurskit
100%
219Normal-FlyingSwablu
100%
140PoisonSwalot
100%
187FairySylveon
100%
170ElectricTadbulb
100%
21Fire-FlyingTalonflame
100%
12BugTarountula
100%
375Water-DragonTatsugiri
100%
215NormalTeddiursa
100%
395Dark-GroundTing-Lu
100%
279Fairy-SteelTinkatink
100%
281Fairy-SteelTinkaton
100%
280Fairy-SteelTinkatuff
100%
244Grass-GroundToedscool
100%
245Grass-GroundToedscruel
100%
150FireTorkoal
100%
176Poison-FightingToxicroak
100%
246Grass-FlyingTropius
100%
341ElectricTynamo
100%
318Dark-RockTyranitar
100%
184DarkUmbreon
100%
216NormalUrsaring
100%
180WaterVaporeon
100%
293Poison-SteelVaroom
100%
373Psychic-WaterVeluza
100%
39Bug-FlyingVespiquen
100%
79NormalVigoroth
100%
275Bug-FireVolcarona
100%
207ElectricVoltorb
100%
177Flying-ElectricWattrel
100%
231Dark-IceWeavile
100%
169Water-GroundWhiscash
100%
61Normal-FairyWigglytuff
100%
288WaterWiglett
100%
393Dark-GrassWo-Chien
100%
53Ground-PoisonWooper
100%
289WaterWugtrio
100%
217NormalZangoose
100%
229DarkZoroark
100%
228DarkZorua
100%
371Dark-DragonZweilous
100%
136WaterArrokuda
80%
364IceAvalugg
80%
137WaterBarraskewda
80%
356IceBeartic
80%
363IceBergmite
80%
81GrassBounsweet
80%
243Grass-GhostBrambleghast
80%
242Grass-GhostBramblin
80%
335Water-PsychicBruxish
80%
51WaterBuizel
80%
57WaterChewtle
80%
125SteelCopperajah
80%
360IceCryogonal
80%
355IceCubchoo
80%
124SteelCufant
80%
190Grass-NormalDeerling
80%
58Water-RockDrednaw
80%
66PsychicDrowzee
80%
320IceEiscue
80%
264PsychicEspathra
80%
300FightingFalinks
80%
333WaterFinneon
80%
145FairyFlabébé
80%
263PsychicFlittle
80%
52WaterFloatzel
80%
146FairyFloette
80%
147FairyFlorges
80%
247GrassFomantis
80%
222GrassGogoat
80%
235PsychicGothorita
80%
284Psychic-FairyHaterene
80%
67PsychicHypno
80%
240Steel-FairyKlefki
80%
315NormalKomala
80%
33BugKricketot
80%
34BugKricketune
80%
334WaterLumineon
80%
248GrassLurantis
80%
332WaterLuvdisc
80%
90RockLycanroc
80%
344Water-PoisonMareanie
80%
72NormalMaushold
80%
272GroundMudbray
80%
273GroundMudsdale
80%
313Normal-PsychicOranguru
80%
201ElectricPachirisu
80%
314FightingPassimian
80%
133Flying-WaterPelipper
80%
321ElectricPincurchin
80%
89RockRockruff
80%
191Grass-NormalSawsbuck
80%
35BugScatterbug
80%
221GrassSkiddo
80%
36BugSpewpa
80%
204NormalStantler
80%
82GrassSteenee
80%
319RockStonjourner
80%
32GrassSunflora
80%
31GrassSunkern
80%
71NormalTandemaus
80%
345Water-PoisonToxapex
80%
198Poison-ElectricToxel
80%
199Poison-ElectricToxtricity
80%
83GrassTsareena
80%
257Bug-PoisonVenomoth
80%
256Bug-PoisonVenonat
80%
37Bug-FlyingVivillon
80%
132Flying-WaterWingull
80%
336WaterAlomomola
60%
28NormalGumshoos
60%
223FightingTauros
60%
27NormalYungoos
60%

Score Distribution

Percentile by Number Answered

Percent of People with Each Score

Your Score History

You have not taken this quiz since the last reset